1350 1147 1350 1723 1508 1967 1226 1736 1075 1887 1125 1026 1013 1650 1910 1325 1938 1342 1624 1186 1884 1335 1218 1596 1324 1459 1643 1035 1055 1618 1027 1226 1416 1251 1633 1171 1590 1626 1577 1102 1705 1350 1047 1003 1072 1068 1565 1063 1863 1021 1753 1010 1699 1151 1858 1177 1816 1911 1914 1967 1536 1085 1329 1082 1464 1687 1296 1559 1333 1271 1965 1755 1977 1644 1579 1877 1645 1215 1111 1165 1402 1791 1549 1694 1059 1074 1413 1805 1494 1279 1058 1188 1118 1678 1702 1804 1695 1802 1944 BCNSPRNW ULIB Ver.6.0+V

เปลี่ยนเป็นภาษาไทย

Change to English
 แสดงรายละเอียดบรรณานุกรม
  กลับหน้าหลัก

Brief Record : Get Marc (ISO 2709) : E-mail record : QR code < ปิดหน้าต่าง
LEADER : 00000nam 2200000uu 4500
001    13399123773
003     ULIB
008    141126s2554||||th 000 0 tha d
020    ^a9789744665522
060 04 ^aWQ240^bภ476
245 00 ^aภาวะแทรกซ้อนทางสูติศาสตร์ =^bObstetrics complications /^cบรรณาธิการ, คมสันต์ สุวรรณฤกษ์,เด่นนภา พงศ์โรจน์เผ่า
246 31 ^abstetrics complications
260    ^aกรุงเทพฯ]:^bหมอชาวบ้าน,^c2554
300    ^a244 หน้า :^bภาพประกอบ ;^c30 ซม.
650  4 ^aภาวะแทรกซ้อนขณะมีครรภ์
650  4 ^aครรภ์
700 0  ^aคมสันต์ สุวรรณฤกษ์,^eบรรณาธิการ
700 0  ^aเด่นนภา พงศ์โรจน์เผ่า,^eบรรณาธิการ
710 2  ^aคณะพยาบาลศาสตร์. ^มหาวิทยาลัยธรรมศาสตร์
945    ^p450^l0^i21951
945    ^p450^l0^i21952
945    ^p450^l0^i21953
945    ^p450^l0^i21954
945    ^p450^l0^i21955
999    ^aทศพร เกษรทอง
รายการนี้ยังไม่มีแท็ก
คุณยังไม่ได้ล็อกอิน คุณสามารถมีกิจกรรมร่วมกับเว็บไซต์ได้ แต่ต้องล็อกอินก่อน ::
  ล็อกอิน

รายการสื่อสารสนเทศ

ลำดับที่ ประเภท เลขเรียก/บาร์โค้ด สถานที่ สถานะ
1. วิทยาศาสตร์การแพทย์ และสุขภาพ
วิทยาศาสตร์การแพทย์ และสุขภาพ
สถานะ=หนังสือเก่า
WQ240 ภ476 ฉ.2 
  Barcode: 21952
ห้องสมุดวิทยาเขตนครสวรรค์
►ส่วนจัดเก็บหนังสือเก่า นว.
บนชั้น
  ขอยืม
2. วิทยาศาสตร์การแพทย์ และสุขภาพ
วิทยาศาสตร์การแพทย์ และสุขภาพ
สถานะ=หนังสือเก่า
WQ240 ภ476 ฉ.3 
  Barcode: 21953
ห้องสมุดวิทยาเขตนครสวรรค์
►ส่วนจัดเก็บหนังสือเก่า นว.
บนชั้น
  ขอยืม
3. วิทยาศาสตร์การแพทย์ และสุขภาพ
วิทยาศาสตร์การแพทย์ และสุขภาพ
สถานะ=หนังสือเก่า
WQ240 ภ476 ฉ.4 
  Barcode: 21954
ห้องสมุดวิทยาเขตนครสวรรค์
►ส่วนจัดเก็บหนังสือเก่า นว.
บนชั้น
  ขอยืม
4. วิทยาศาสตร์การแพทย์ และสุขภาพ
วิทยาศาสตร์การแพทย์ และสุขภาพ
สถานะ=หนังสือเก่า
WQ240 ภ476 ฉ.5 
  Barcode: 21955
ห้องสมุดวิทยาเขตนครสวรรค์
►ส่วนจัดเก็บหนังสือเก่า นว.
บนชั้น
  ขอยืม

รายการใกล้เคียง
    หัวเรื่อง [ภาวะแทรกซ้อนขณะมีครรภ์]
    หัวเรื่อง [ครรภ์]

BibComment


ยังไม่เคยถูกคอมเมนท์

คอมเมนท์ทรัพยากรรายการนี้
  คอมเมนท์: ภาวะแทรกซ้อนทางส..


 Copyright 2026. Bcnsprnw @Library